00687 2200241 4500001002100000005001500021035002000036007000300056008004100059020002200100082001000122084001600132100001800148245009200166250001000258260004400268300003200312500002600344650001800370700002000388700002600408990001100434INLIS00000000000781420210331093554 a0010-0321001184ta210331 d 1 ind  a978-602-02-8599-3 a741.5 a741.5 EII o0 aEIICHIRO, Oda1 aOne Piece 77 /cEiichiro Oda; alih bahasa, Juan Hadrianus; editor, Nina Siti Aminingsih acet.1 aJakarta :bElex Media Komputindo,c2016 a225 hal. :bilus. ;c17 cm. aJudul Asli: One Piece 4aKOMIK. BACAAN0 aJUAN, Hadrianus0 aNINA, Siti Aminingsih a6154 a